|
|
|
|
| LEADER |
00000nam a22000007a 4500 |
| 005 |
20220920003958.0 |
| 007 |
cr|||| |||| |
| 008 |
220920s2022 es |||||s|||| 00||0 spa d |
| 020 |
|
|
|a 978-84-1122-304-1
|
| 035 |
|
|
|a 37088
|
| 040 |
|
|
|a vLex
|
| 090 |
|
|
|c 13960
|d 13960
|
| 100 |
1 |
|
|a Ortiz Herrìz, Julio
|
| 245 |
1 |
0 |
|a Dificultades y lm̕ites de la simulacin̤ en el matrimonio cann̤ico
|h [Recurso electrn̤ico] /
|c Julio Ortiz Herrìz
|
| 256 |
|
|
|a Servicio en ln̕ea
|
| 260 |
|
|
|a Madrid:
|b Dykinson,
|c 2022
|
| 300 |
|
|
|a 1 recurso electrn̤ico
|
| 500 |
|
|
|a La existencia de reserva mental (exclusin̤ implc̕ita o simulacin̤) como causa de nulidad matrimonial es de difc̕il probanza y a su estudio se dedica el presente trabajo. Ciertamente, ni el juzgador cann̤ico ni el civil, ni nadie, tienen la posibilidad de conocer con total exactitud la voluntad interna de una persona, salvo ella misma. Sin embargo, se puede deducir la falta de consentimiento del anl̀isis de los hechos previos, coetǹeos y posteriores y del comportamiento del “contrayente”, teniendo en cuenta que en un proceso lg̤ico de actuacin̤, la voluntad negocial declarada conlleva, al menos, la predisposicin̤ de la persona a su cumplimiento. De ah ̕que, partiendo de la dificultad de la utilizacin̤ de medios de prueba demostrativos de la discordancia consciente declarativo–volitiva, deba acudirse a la relevancia que tiene el juego de las presunciones, que permiten deducir la existencia de reserva mental en el consentimiento de uno de los cn̤yuges mediante hechos externos y circunstancias objetivas; sin que, obviamente, puedan establecerse estas presunciones de un modo general, sino que deben contemplarse en cada caso en concreto (as,̕ ad exemplum, la edad, la nacionalidad, las consecuencias administrativas derivadas de tal unin̤, etc.).
|
| 506 |
1 |
|
|a Disponible solo en los productos indicados
|d vLex Global
|d vLex Global (Academic Edition, excluding Law Schools)
|d vLex Global (U.S. Academic Edition, Law Schools)
|d vLex Global (U.S. Academic Edition, excluding Law Schools)
|d vLex Global (Academic Edition, Law Schools)
|
| 650 |
0 |
4 |
|a Familia y Sucesiones
|z Espaą
|
| 650 |
0 |
4 |
|a Derecho Militar
|z Espaą
|
| 650 |
0 |
4 |
|a Filosofa̕ y religin̤
|z Espaą
|
| 740 |
0 |
|
|a vLex Libros (Servicio en ln̕ea)
|
| 856 |
4 |
0 |
|u https://app.vlex.com/#/sources/37088
|z Acceso restringido
|
| 942 |
|
|
|c BOOK
|
| 999 |
0 |
|
|a Family and Inheritance
|
| 999 |
0 |
|
|a Military Law
|
| 999 |
0 |
|
|a Philosophy and religion
|